[Event "Vienna Advent op"]
[Site "Vienna"]
[Date "2023.12.14"]
[Round "4"]
[White "Stallmann, Andreas"]
[Black "Virag, Zoltan"]
[Result "1-0"]
[WhiteElo "1803"]
[BlackElo "1855"]
[PlyCount "53"]
[EventDate "2023.12.11"]
[EventType "swiss"]
[EventRounds "7"]
[EventCountry "AUT"]
[SourceTitle "CB51_2023"]
[SourceDate "2023.12.20"]
[SourceVersion "1"]
[SourceVersionDate "2023.12.20"]
[SourceQuality "1"]

1. e4 c5 2. Nf3 d6 3. d4 cxd4 4. Nxd4 Nf6 5. Nc3 e5 6. Bb5+ Bd7 7. Nf5 Bxb5 8. Nxb5 Qa5+ 9. Nc3 Nc6 10. 0-0 g6 11. Nxd6+ Bxd6 12. Qxd6 Qd8 13. Nb5 Qxd6 14. Nxd6+ Ke7 15. Nxb7 Nxe4 16. Be3 Rhb8 17. Nc5 Nd6 18. b3 Nf5 19. Bd2 Rd8 20. Ne4 f6 21. c4 a5 22. Bc3 Nfd4 23. Rad1 f5 24. Bxd4 Nxd4 25. Nc3 Rd6 26. Rfe1 Re6 27. Nd5+ 1-0

[Event "Vienna Advent op"]
[Site "Vienna"]
[Date "2023.12.13"]
[Round "3"]
[White "Virag, Zoltan"]
[Black "Amankos, Zhanbolat"]
[Result "0-1"]
[WhiteElo "1855"]
[BlackElo "1330"]
[PlyCount "91"]
[EventDate "2023.12.11"]
[EventType "swiss"]
[EventRounds "7"]
[EventCountry "AUT"]
[SourceTitle "CB51_2023"]
[SourceDate "2023.12.20"]
[SourceVersion "1"]
[SourceVersionDate "2023.12.20"]
[SourceQuality "1"]

1. e4 d5 2. exd5 Qxd5 3. Nc3 Qa5 4. d4 Bf5 5. Bd3 Bg6 6. Nf3 Nf6 7. 0-0 e6 8. Re1 c6 9. a3 Nbd7 10. Bg5 Bd6 11. Ne2 0-0 12. c4 Rfe8 13. b4 Qc7 14. c5 Bxd3 15. Qxd3 Bf8 16. Bf4 Qc8 17. Nc3 b5 18. Be5 a5 19. Ne4 Nxe4 20. Qxe4 Be7 21. h4 Nf6 22. Bxf6 Bxf6 23. g4 g6 24. Qf4 Qd8 25. g5 Bg7 26. Ne5 Bxe5 27. dxe5 axb4 28. axb4 Qd3 29. Rad1 Qc3 30. Re3 Qc2 31. Rd7 Ra1+ 32. Kg2 Rf8 33. Red3 Qb1 34. Kf3 Qh1+ 35. Kg4 Rg1+ 36. Rg3 Rg2 37. Qf3 Rxg3+ 38. Kxg3 Qxf3+ 39. Kxf3 Rc8 40. Kg4 Kf8 41. f4 Ke8 42. Ra7 Kf8 43. h5 Ke8 44. hxg6 hxg6 45. Kf3 Kf8 46. Ra2 0-1

[Event "SVK-chT2B 2223"]
[Site "Slovakia"]
[Date "2023.03.26"]
[Round "11.3"]
[White "Virag, Zoltan"]
[Black "Orgon, Dusan"]
[Result "1/2-1/2"]
[WhiteElo "1841"]
[BlackElo "1980"]
[PlyCount "137"]
[EventDate "2022.10.08"]
[EventType "team-tourn"]
[EventRounds "11"]
[EventCountry "SVK"]
[SourceTitle "EXT 2024"]
[Source "ChessBase"]
[SourceDate "2023.10.10"]
[SourceVersion "1"]
[SourceVersionDate "2023.10.10"]
[SourceQuality "1"]
[WhiteTeam "Nove Zamky"]
[BlackTeam "Dubnica nad Vahom III"]
[WhiteTeamCountry "SVK"]
[BlackTeamCountry "SVK"]

1. d4 e6 2. Nf3 f5 3. c4 Nf6 4. Nc3 Bb4 5. Qb3 Bxc3+ 6. bxc3 0-0 7. Bg5 b6 8. e3 Bb7 9. Be2 Qe8 10. Bxf6 Rxf6 11. c5 Nc6 12. cxb6 axb6 13. c4 Qe7 14. 0-0 Rff8 15. a4 Ra7 16. Rfc1 d6 17. Ne1 Na5 18. Qc3 e5 19. Bf3 Bxf3 20. Nxf3 e4 21. Nd2 Nb7 22. Nb3 Rfa8 23. c5 bxc5 24. Qc4+ Qf7 25. dxc5 Qxc4 26. Rxc4 d5 27. Rb4 Na5 28. Nd4 g6 29. h3 Kf7 30. Rab1 Ke7 31. Rb8 Kd7 32. Rxa8 Rxa8 33. Ra1 Nc6 34. Kf1 Ra5 35. Nb3 Ra6 36. a5 Ne5 37. Rc1 Nc4 38. Ke2 Kc6 39. Rd1 Ra8 40. g4 Rb8 41. Nd4+ Kxc5 42. gxf5 Rb2+ 43. Kf1 gxf5 44. Ne6+ Kc6 45. Nd4+ Kb7 46. Nxf5 c6 47. Ne7 Ne5 48. Nxd5 Nd3 49. Nf4 Rxf2+ 50. Kg1 Rf3 51. Nxd3 exd3 52. Rxd3 Rxh3 53. Kg2 Rh6 54. Rc3 Rh5 55. Rd3 Ka6 56. Rd6 Rc5 57. Rh6 Kxa5 58. Rxh7 Kb4 59. Kf3 Kc3 60. e4 Kd4 61. Kf4 Rc1 62. Rd7+ Kc4 63. e5 Rf1+ 64. Kg5 c5 65. e6 Kc3 66. e7 Re1 67. Kf6 c4 68. Rd8 Kc2 69. e8Q 1/2-1/2

[Event "SVK-chT2B 2223"]
[Site "Slovakia"]
[Date "2023.03.25"]
[Round "10.3"]
[White "Vyhlidal, Jozef"]
[Black "Virag, Zoltan"]
[Result "0-1"]
[WhiteElo "2040"]
[BlackElo "1841"]
[PlyCount "95"]
[EventDate "2022.10.08"]
[EventType "team-tourn"]
[EventRounds "11"]
[EventCountry "SVK"]
[SourceTitle "EXT 2024"]
[Source "ChessBase"]
[SourceDate "2023.10.10"]
[SourceVersion "1"]
[SourceVersionDate "2023.10.10"]
[SourceQuality "1"]
[WhiteTeam "Nemsova Horne Srnie"]
[BlackTeam "Nove Zamky"]
[WhiteTeamCountry "SVK"]
[BlackTeamCountry "SVK"]

1. Nf3 d5 2. d4 Nf6 3. Bf4 e6 4. e3 Be7 5. c4 0-0 6. Nc3 b6 7. a3 Bb7 8. Qc2 Nbd7 9. Bd3 dxc4 10. Bxc4 c5 11. dxc5 Nxc5 12. 0-0 a6 13. Rfd1 Qe8 14. Rac1 Qc6 15. Bf1 Nce4 16. Nxe4 Qxe4 17. Bd3 Qd5 18. Bxh7+ Nxh7 19. Rxd5 Bxd5 20. e4 Ba2 21. Qc7 Rfe8 22. Qxb6 Nf6 23. Qb7 Rad8 24. h3 Rd7 25. Qc6 Red8 26. g4 Rd3 27. Kg2 Nxe4 28. Qxa6 Nc5 29. Rxc5 Bxc5 30. Ne5 Bd5+ 31. Kh2 Rb3 32. Qe2 Bd4 33. Nd3 Bc4 34. Qc2 Rc8 35. Ne5 Rxb2 36. Qa4 Bxe5 37. Bxe5 Rxf2+ 38. Kg3 Re2 39. Qd7 Ra8 40. Bd6 Rd2 41. Qe7 Rd3+ 42. Kh2 Bd5 43. h4 Rc8 44. Bc5 Re3 45. Bb4 Re2+ 46. Kh3 Rc4 47. Kg3 Bc6 48. h5 0-1

[Event "SVK-chT2B 2223"]
[Site "Slovakia"]
[Date "2023.02.12"]
[Round "9.3"]
[White "Masarik, Drahoslav"]
[Black "Virag, Zoltan"]
[Result "1/2-1/2"]
[WhiteElo "1876"]
[BlackElo "1841"]
[PlyCount "54"]
[EventDate "2022.10.08"]
[EventType "team-tourn"]
[EventRounds "11"]
[EventCountry "SVK"]
[SourceTitle "EXT 2024"]
[Source "ChessBase"]
[SourceDate "2023.10.10"]
[SourceVersion "1"]
[SourceVersionDate "2023.10.10"]
[SourceQuality "1"]
[WhiteTeam "Povazske Podhradie"]
[BlackTeam "Nove Zamky"]
[WhiteTeamCountry "SVK"]
[BlackTeamCountry "SVK"]

1. Nf3 d5 2. d4 Nf6 3. c4 e6 4. Nc3 Be7 5. Bf4 c6 6. e3 0-0 7. Rc1 Qa5 8. Qc2 Ne4 9. Bd3 f5 10. 0-0 Nd7 11. Ne5 g5 12. Nxd7 Bxd7 13. Be5 Bf6 14. Bxf6 Rxf6 15. f3 Nxc3 16. bxc3 Raf8 17. e4 fxe4 18. fxe4 h6 19. e5 Rxf1+ 20. Rxf1 Rxf1+ 21. Kxf1 Be8 22. Qd2 Qc7 23. cxd5 cxd5 24. h4 Qf7+ 25. Kg1 Qh5 26. hxg5 hxg5 27. Qe2 Qxe2 1/2-1/2

[Event "SVK-chT2B 2223"]
[Site "Slovakia"]
[Date "2022.11.27"]
[Round "6.4"]
[White "Sarkozi, Szabolcs"]
[Black "Virag, Zoltan"]
[Result "1-0"]
[WhiteElo "2072"]
[BlackElo "1841"]
[PlyCount "27"]
[EventDate "2022.10.08"]
[EventType "team-tourn"]
[EventRounds "11"]
[EventCountry "SVK"]
[SourceTitle "EXT 2024"]
[Source "ChessBase"]
[SourceDate "2023.10.10"]
[SourceVersion "1"]
[SourceVersionDate "2023.10.10"]
[SourceQuality "1"]
[WhiteTeam "Komarno II"]
[BlackTeam "Nove Zamky"]
[WhiteTeamCountry "SVK"]
[BlackTeamCountry "SVK"]

1. d4 Nf6 2. Nc3 d6 3. e4 g6 4. Nf3 a6 5. Bc4 Nbd7 6. Bxf7+ Kxf7 7. Ng5+ Kg8 8. Ne6 Qe8 9. Nxc7 Qf7 10. Nxa8 Ne8 11. Be3 Bg7 12. Qd2 b5 13. d5 Bb7 14. Nb6 1-0

[Event "SVK-chT2B 2223"]
[Site "Slovakia"]
[Date "2022.11.12"]
[Round "3.6"]
[White "Mizicka, Matus"]
[Black "Virag, Zoltan"]
[Result "1-0"]
[WhiteElo "1979"]
[BlackElo "1851"]
[PlyCount "45"]
[EventDate "2022.10.08"]
[EventType "team-tourn"]
[EventRounds "11"]
[EventCountry "SVK"]
[SourceTitle "EXT 2024"]
[Source "ChessBase"]
[SourceDate "2023.10.10"]
[SourceVersion "1"]
[SourceVersionDate "2023.10.10"]
[SourceQuality "1"]
[WhiteTeam "Tlmace"]
[BlackTeam "Nove Zamky"]
[WhiteTeamCountry "SVK"]
[BlackTeamCountry "SVK"]

1. Nf3 d5 2. g3 c5 3. Bg2 Nf6 4. 0-0 e6 5. d3 Be7 6. Nbd2 0-0 7. e4 Nc6 8. Re1 b6 9. e5 Nd7 10. Nf1 Bb7 11. h4 d4 12. Bf4 Nb4 13. Ng5 Bxg2 14. Kxg2 Bxg5 15. hxg5 g6 16. Nd2 Nb8 17. Ne4 N8c6 18. Rh1 Nd5 19. Rh6 f5 20. gxf6 Rf7 21. Ng5 Qd7 22. Qg4 Re8 23. Nxh7 1-0

[Event "SVK-chT2B 1819"]
[Site "Slovakia"]
[Date "2019.04.06"]
[Round "10.7"]
[White "Danko, Dusan"]
[Black "Virag, Zoltan"]
[Result "1-0"]
[WhiteElo "1802"]
[BlackElo "1833"]
[PlyCount "69"]
[EventDate "2018.10.13"]
[EventType "team-tourn"]
[EventRounds "11"]
[EventCountry "SVK"]
[SourceTitle "EXT 2020"]
[Source "ChessBase"]
[SourceDate "2019.10.17"]
[SourceVersion "1"]
[SourceVersionDate "2019.10.17"]
[SourceQuality "1"]
[WhiteTeam "Tlmace"]
[BlackTeam "Nove Zamky"]
[WhiteTeamCountry "SVK"]
[BlackTeamCountry "SVK"]

1. d4 Nf6 2. c4 e5 3. dxe5 Ng4 4. Nf3 Bc5 5. e3 Nc6 6. Bd2 0-0 7. Bc3 Qe7 8. a3 a5 9. Qd5 Re8 10. Be2 h6 11. 0-0 Bxe3 12. Qe4 Bxf2+ 13. Rxf2 Nxf2 14. Kxf2 d6 15. Bd3 g6 16. Nbd2 Bf5 17. Qe3 Bxd3 18. Qxd3 dxe5 19. Re1 Qc5+ 20. Kf1 Rad8 21. Qe4 f5 22. Qh4 Qf8 23. Qg3 Qf7 24. Nxe5 Nxe5 25. Rxe5 b6 26. Qe3 Kh7 27. Qf4 Rxe5 28. Qxe5 Re8 29. Qf6 Qd7 30. Kf2 g5 31. Nf3 Re4 32. Qh8+ Kg6 33. Ne5+ Rxe5 34. Qxe5 Qd3 35. Qe8+ 1-0

[Event "SVK-chT2B 1819"]
[Site "Slovakia"]
[Date "2018.11.18"]
[Round "4.7"]
[White "Virag, Zoltan"]
[Black "Mego, Peter"]
[Result "1/2-1/2"]
[WhiteElo "1818"]
[BlackElo "1723"]
[PlyCount "70"]
[EventDate "2018.10.13"]
[EventType "team-tourn"]
[EventRounds "11"]
[EventCountry "SVK"]
[SourceTitle "CBM 187 Extra"]
[Source "ChessBase"]
[SourceDate "2018.11.04"]
[SourceVersion "1"]
[SourceVersionDate "2018.11.04"]
[SourceQuality "1"]
[WhiteTeam "Nove Zamky"]
[BlackTeam "Povazske Podhradie"]
[WhiteTeamCountry "SVK"]
[BlackTeamCountry "SVK"]

1. c4 c5 2. g3 g6 3. Bg2 Bg7 4. Nc3 Nc6 5. Nf3 Nf6 6. 0-0 0-0 7. d3 d6 8. a3 a6 9. Rb1 Bd7 10. Bd2 Rb8 11. b4 b6 12. b5 axb5 13. Nxb5 Ne8 14. Bc3 Nc7 15. Bxg7 Kxg7 16. a4 Nb4 17. Ne1 Nca6 18. Qd2 Qe8 19. Nc2 Bc6 20. Qc3+ Kg8 21. f4 Bxg2 22. Kxg2 f5 23. e4 Qc6 24. Rbe1 Nxc2 25. Qxc2 Nb4 26. Qc3 Ra8 27. d4 Rxa4 28. d5 Qd7 29. e5 Ra2+ 30. Kg1 Nxd5 31. Qb3 Nb4 32. exd6 exd6 33. Qc3 Qc6 34. Qf3 Qxf3 35. Rxf3 Rd8 1/2-1/2

[Event "SVK-ch U16"]
[Site "Tatralandia"]
[Date "2015.04.22"]
[Round "6"]
[White "Puskar, David"]
[Black "Virag, Zoltan"]
[Result "1-0"]
[WhiteElo "1661"]
[BlackElo "1540"]
[PlyCount "89"]
[EventDate "2015.04.18"]
[EventType "swiss"]
[EventRounds "9"]
[EventCountry "SVK"]
[SourceTitle "CBM 166 Extra"]
[Source "ChessBase"]
[SourceDate "2015.06.18"]
[SourceVersion "1"]
[SourceVersionDate "2015.06.18"]
[SourceQuality "1"]

1. c4 e5 2. Nc3 d6 3. g3 g6 4. Bg2 Bg7 5. e3 f5 6. Nge2 Nf6 7. d3 0-0 8. Qb3 c6 9. 0-0 Kh8 10. Bd2 Qc7 11. Rac1 Be6 12. d4 Bg8 13. dxe5 dxe5 14. e4 Nbd7 15. Be3 b5 16. Qc2 Bxc4 17. b3 Bxe2 18. Qxe2 a6 19. Rfd1 Rac8 20. Nd5 Nxd5 21. exd5 c5 22. Bxc5 Nxc5 23. b4 Qd6 24. bxc5 Rxc5 25. Qd2 Rd8 26. Rxc5 Qxc5 27. d6 e4 28. d7 Bf6 29. Rc1 Qb6 30. Rd1 Kg7 31. Qd5 h6 32. Bf1 e3 33. Kg2 exf2 34. Rd3 a5 35. Rf3 b4 36. Rxf2 Qd4 37. Qxa5 Rxd7 38. Be2 Qd5+ 39. Qxd5 Rxd5 40. Bc4 Rc5 41. Bb3 Be5 42. Rd2 Rc6 43. Rd7+ Kf6 44. Rf7+ Kg5 45. h4+ 1-0

[Event "SVK-ch U16"]
[Site "Tatralandia"]
[Date "2015.04.20"]
[Round "3"]
[White "Virag, Zoltan"]
[Black "Joba, Arpad"]
[Result "0-1"]
[WhiteElo "1540"]
[BlackElo "1884"]
[PlyCount "144"]
[EventDate "2015.04.18"]
[EventType "swiss"]
[EventRounds "9"]
[EventCountry "SVK"]
[SourceTitle "CBM 166 Extra"]
[Source "ChessBase"]
[SourceDate "2015.06.18"]
[SourceVersion "1"]
[SourceVersionDate "2015.06.18"]
[SourceQuality "1"]

1. d4 Nf6 2. Nf3 g6 3. Bf4 Bg7 4. e3 d6 5. Be2 0-0 6. 0-0 c5 7. c3 Nbd7 8. h3 a6 9. Nbd2 b5 10. a4 Rb8 11. axb5 axb5 12. dxc5 e5 13. Bg3 Nxc5 14. Nb3 Nfe4 15. Bh2 Be6 16. Nxc5 Nxc5 17. Nd2 f5 18. c4 b4 19. b3 Qb6 20. Qc2 Ra8 21. Ra2 e4 22. Rd1 Rfd8 23. Nb1 Rac8 24. Nd2 Rd7 25. Bf4 h6 26. g4 Kh8 27. gxf5 gxf5 28. Kh2 Rg8 29. f3 Be5 30. Bxe5+ dxe5 31. fxe4 fxe4 32. Qb2 Qc7 33. Rda1 Rdg7 34. Bf1 Qf7 35. Nxe4 Nxe4 36. Qxe5 Qf3 37. Bg2 Qg3+ 38. Qxg3 Nxg3 39. Ra8 Nf5 40. Rxg8+ Kxg8 41. Ra6 Kf7 42. Rb6 Nxe3 43. Be4 Nf1+ 44. Kh1 Ng3+ 45. Kh2 Nxe4 46. Rxb4 Rg3 47. Rb7+ Kf6 48. Rh7 Rxh3+ 49. Kg2 Nd2 50. c5 Nxb3 51. c6 Rc3 52. Rxh6+ Ke5 53. Rh5+ Bf5 54. Rh6 Rxc6 55. Rxc6 Be4+ 56. Kf2 Bxc6 57. Ke3 Be4 58. Ke2 Kf4 59. Ke1 Ke3 60. Kd1 Bf5 61. Ke1 Bg4 62. Kf1 Nd4 63. Kg2 Ne2 64. Kf1 Bf5 65. Ke1 Bc2 66. Kf1 Nf4 67. Ke1 Ng2+ 68. Kf1 Kf3 69. Kg1 Kg3 70. Kf1 Bd3+ 71. Kg1 Nf4 72. Kh1 Bc4 0-1

[Event "SVK-ch U14"]
[Site "Lubovnianske Kupele"]
[Date "2012.03.22"]
[Round "7"]
[White "Klimek, Matej"]
[Black "Virag, Zoltan"]
[Result "0-1"]
[WhiteElo "1169"]
[BlackElo "1000"]
[PlyCount "56"]
[EventDate "2012.03.17"]
[EventType "swiss"]
[EventRounds "9"]
[EventCountry "SVK"]
[SourceTitle "CBM 147 Extra"]
[Source "ChessBase"]
[SourceDate "2012.04.24"]
[SourceVersion "1"]
[SourceVersionDate "2012.04.24"]
[SourceQuality "1"]

1. e4 e5 2. Nf3 Nc6 3. Bc4 Bc5 4. 0-0 Nf6 5. c3 d6 6. d4 exd4 7. cxd4 Bb6 8. Bg5 h6 9. Be3 0-0 10. d5 Bxe3 11. fxe3 Ne5 12. Nxe5 dxe5 13. Nc3 a6 14. d6 Qxd6 15. Qf3 Be6 16. Rad1 Qe7 17. Nd5 Bxd5 18. Bxd5 c6 19. Bb3 Rad8 20. Rxd8 Rxd8 21. Qh3 Rd2 22. Rf3 h5 23. Rf1 Rxb2 24. Bd1 g6 25. g4 Qe6 26. Qh4 Nxg4 27. Bxg4 Qxg4+ 28. Qxg4 hxg4 0-1

[Event "SVK-ch U14"]
[Site "Lubovnianske Kupele"]
[Date "2012.03.19"]
[Round "3"]
[White "Drgon, Matus"]
[Black "Virag, Zoltan"]
[Result "1-0"]
[WhiteElo "1000"]
[BlackElo "1000"]
[PlyCount "49"]
[EventDate "2012.03.17"]
[EventType "swiss"]
[EventRounds "9"]
[EventCountry "SVK"]
[SourceTitle "CBM 147 Extra"]
[Source "ChessBase"]
[SourceDate "2012.04.24"]
[SourceVersion "1"]
[SourceVersionDate "2012.04.24"]
[SourceQuality "1"]

1. e4 e5 2. Nf3 Nc6 3. Bc4 Bc5 4. 0-0 Nf6 5. Nc3 0-0 6. d3 h6 7. Be3 Bxe3 8. fxe3 d6 9. h3 a6 10. d4 exd4 11. exd4 Re8 12. Re1 b5 13. Bb3 Bb7 14. e5 dxe5 15. dxe5 Qxd1 16. Raxd1 Nh7 17. e6 fxe6 18. Bxe6+ Kf8 19. Rd7 Re7 20. Nd5 Rxd7 21. Bxd7 Rd8 22. Bxc6 Bxc6 23. Nxc7 Bxf3 24. Ne6+ Ke7 25. Nxd8+ 1-0